| 000 | 01938nam a2200457 c 4500 | ||
|---|---|---|---|
| 003 | BLK | ||
| 005 | 20180420223943.0 | ||
| 008 | 180408b bul|||||r ||||||| ||bul|| | ||
| 010 | _aKNG00077331000 | ||
| 020 |
_a978-954-330-101-0 _bиздат.: Унискорп |
||
| 040 | _aBLK | ||
| 041 |
_aBUL _cBUL |
||
| 080 |
_aГрадове, изучаване и география _b911.375 _x(73-21)(035) _z911.375(73-21)(035) |
||
| 080 |
_aПланиране на населените места по големина и предназначение - Столици, големи, средни и малки градове _b711.43 _x(73-21)(035) _z711.43(73-21)(035) |
||
| 080 |
_aАрхитектура _b72 _x(73-21)(035) _z72(73-21)(035) |
||
| 100 | 1 |
_aБърни, Глен _eпърви автор _9296140 |
|
| 700 | 1 |
_aКонстантинова, Елена _eпрев. от фр. _9246444 |
|
| 139 |
_aБърни, Глен _bБ 93 |
||
| 245 | 1 | 0 |
_aНю Йорк _cГлен Бърни; прев. от фр. Елена Константинова. |
| 257 | _aFRA | ||
| 260 |
_аСофия _bУнискорп _c2007 |
||
| 300 |
_a120 с. _bс ил. _c22Х13 см |
||
| 380 | _a91 | ||
| 490 | 1 | _aЕнциклопедична колекция от А до Я | |
| 490 | 1 |
_3Подсерия _aСерия Културно наследство |
|
| 500 | _aБез сведение за ориг. загл. - Съдържа и Хронология ; Библиогр. с. 120. | ||
| 650 | 4 |
_aНю Йорк _9164371 |
|
| 650 | 4 |
_aГрадове - САЩ _9286238 |
|
| 651 | 4 |
_aНю Йорк _9164371 |
|
| 651 | 4 |
_aСАЩ _9179493 |
|
| 653 | _aНю Йорк | ||
| 653 | _aградове | ||
| 653 | _aкултура | ||
| 653 | _aархитектура | ||
| 653 | _aистория | ||
| 852 | _aЦб 235433 | ||
| 856 | 4 |
_qpdf _u |
|
| 856 | 4 |
_qpdf _u |
|
| 942 |
_cKNG _n0 |
||
| 944 |
_aCR _c13.08.2007 _kЛюдмила_Стоянова |
||
| 944 |
_aED _c03.07.2015 _kЛюдмила_Стоянова |
||
| 999 |
_c72952 _d72952 |
||